[Event "Montpellier op-B"]
[Site "Montpellier"]
[Date "2001.??.??"]
[Round "2.42"]
[White "Desnos, Odile"]
[Black "Cluscard, Philippe"]
[Result "1-0"]
[WhiteElo "1390"]
[BlackElo "1640"]
[PlyCount "128"]
[EventDate "2001.??.??"]
[EventType "swiss"]
[EventRounds "7"]
[EventCountry "FRA"]
[SourceTitle "EXT 2003"]
[Source "ChessBase"]
[SourceDate "2002.11.25"]
[SourceVersion "1"]
[SourceVersionDate "2002.11.25"]
[SourceQuality "1"]

1. e4 c6 2. Nc3 d5 3. Nf3 Bg4 4. h3 Bh5 5. d4 e6 6. g4 Bg6 7. Ne5 Bxe4 8. Nxe4 dxe4 9. c3 Bd6 10. Bg2 Bxe5 11. dxe5 Qxd1+ 12. Kxd1 Nd7 13. Bf4 0-0-0 14. Kc2 f5 15. gxf5 exf5 16. Rad1 h6 17. e6 Nc5 18. Rxd8+ Kxd8 19. Rd1+ Nd3 20. Be5 Ke7 21. Bxg7 Rh7 22. Bd4 c5 23. Be3 Kxe6 24. f3 b6 25. fxe4 fxe4 26. Bxe4 Rg7 27. Rxd3 c4 28. Bd5+ Ke7 29. Bxc4 Rg2+ 30. Bd2 Nf6 31. a4 Nd7 32. b4 a5 33. Re3+ Kd8 34. Rd3 Ke7 35. Rd5 Nf6 36. Re5+ Kd8 37. Bd5 Rh2 38. Be6 Kc7 39. Bf5 Rf2 40. bxa5 bxa5 41. c4 h5 42. Rxa5 Ne8 43. Bg6 Nd6 44. Bd3 h4 45. Kc3 Rf3 46. Rh5 Ne4+ 47. Kc2 Nxd2 48. Kxd2 Rxh3 49. Kc3 Rh2 50. c5 h3 51. Kc4 Ra2 52. Rxh3 Rxa4+ 53. Kd5 Ra2 54. Rh7+ Kd8 55. Ke6 Rb2 56. c6 Rb6 57. Kd6 Ke8 58. Bg6+ Kf8 59. Rb7 Ra6 60. Bd3 Ra3 61. Bb5 Rh3 62. Ke6 Re3+ 63. Kd6 Rh3 64. c7 Rh6+ 1-0